000 00775nam a2200217 a 4500
001 000043946
005 20201002045047.0
008 140509s1991 sp 000 0 spa d
020 _a847969078X
040 _aDO-SdBNP
_bspa
_cBNPHU
082 _axxxx
_bxxxx
100 1 _aStevenson, Robert Louis,
_d1850-1894.
_91070
240 1 0 _aThe dynamiter
_lEspañol
245 1 3 _aEl dinamitero I /
_cRobert Louis Stevenson ; traducción, Luis Loayaza.
260 _a[Madrid] :
_bCompañía Europea de Comunicación e Información,
_c1991.
300 _a2v. ;
_c19 cm.
490 1 _aBiblioteca de El sol
_v65-66
500 _aIncluye referencias bibliográficas y notas al pie de las páginas
700 1 2 _aLoayaza, Luis
_etr.
_971885
830 0 _aBiblioteca de El sol ;
_n65-66
_971886
999 _c43435
_d43435